Bands from Liverpool - Statistics

General Stats
  • This quiz has been taken 92 times
  • The average score is 8 of 25
Answer Stats
Signature song Band name % Correct
Hey Jude The Beatles
99%
Relax Frankie Goes to Hollywood
71%
You'll Never Walk Alone Gerry and the Pacemakers
58%
There She Goes The La's
56%
You Spin Me Round Dead or Alive
53%
I Ran A Flock of Seagulls
43%
The Killing Moon Echo and the Bunnymen
43%
Wake Up Boo The Boo Radleys
42%
Valerie The Zutons
41%
Whole Again Atomic Kitten
38%
All Together Now The Farm
34%
Enola Gay Orchestral Manoeuvres in the Dark
33%
The Life of Riley The Lightning Seeds
32%
Needles and Pins The Searchers
30%
You to Me Are Everything The Real Thing
24%
Walkaway Cast
20%
Female of the Species Space
18%
Reward The Teardrop Explodes
18%
Let's Dance to Joy Division The Wombats
16%
Birds Fly The Icicle Works
9%
Back Here BBMAK
1%
Destroy Everything You Touch Ladytron
1%
One Last Goodbye Anathema
0%
Where My Love Goes Lawson
0%
Words The Christians
0%
No matching quizzes found
Score Distribution
Percent of People with Each Score
Percentile by Number Answered
Your Score History
You have not taken this quiz